| 000 | 00892cam a22002775a 4500 | ||
|---|---|---|---|
| 001 | 17401976 | ||
| 005 | 20161023141828.0 | ||
| 008 | 120725t2013 wiua frb 001 0 eng d | ||
| 010 | _a 2012945262 | ||
| 020 | _a9780975937723 (alk. paper) | ||
| 040 |
_aDLC _beng _cDLC _dEG-ScBUE |
||
| 082 | 0 | 4 |
_a660.2832 _bRAW _222 |
| 100 | 1 | _aRawlings, James Blake. | |
| 245 | 1 | 0 |
_aChemical reactor analysis and design fundamentals / _cJames B. Rawlings, John G. Ekerdt. |
| 250 | _a2nd ed., 2nd printing. | ||
| 260 |
_aMadison : _bNob Hill Publishing, _cc.2013. |
||
| 300 |
_axxxiii, 633 p. : _bill. ; _c24 cm. |
||
| 500 | _aIndex : p. 622-633. | ||
| 504 | _aBibliography : p. 620-621. | ||
| 650 | 0 |
_aChemical reactors _xDesign and construction. _2BUEsh _933727 |
|
| 651 | _2BUEsh | ||
| 653 |
_bENGCHE _cOctober2016 |
||
| 655 |
_vReading book _934232 |
||
| 700 | 1 | _aEkerdt, John G. | |
| 942 | _2ddc | ||
| 999 |
_c22792 _d22764 |
||